<?xml version="1.0" encoding="UTF-8"?><?xml-stylesheet type="text/xsl" href="static/style.xsl"?><OAI-PMH xmlns="http://www.openarchives.org/OAI/2.0/" xmlns:xsi="http://www.w3.org/2001/XMLSchema-instance" xsi:schemaLocation="http://www.openarchives.org/OAI/2.0/ http://www.openarchives.org/OAI/2.0/OAI-PMH.xsd"><responseDate>2026-06-02T10:56:24Z</responseDate><request verb="GetRecord" identifier="oai:riuma.uma.es:10630/39690" metadataPrefix="marc">https://riuma.uma.es/rest/oai/request</request><GetRecord><record><header><identifier>oai:riuma.uma.es:10630/39690</identifier><datestamp>2026-02-03T10:57:15Z</datestamp><setSpec>com_10630_2254</setSpec><setSpec>col_10630_37953</setSpec></header><metadata><record xmlns="http://www.loc.gov/MARC21/slim" xmlns:dcterms="http://purl.org/dc/terms/" xmlns:doc="http://www.lyncode.com/xoai" xmlns:xsi="http://www.w3.org/2001/XMLSchema-instance" xsi:schemaLocation="http://www.loc.gov/MARC21/slim http://www.loc.gov/standards/marcxml/schema/MARC21slim.xsd">
   <leader>00925njm 22002777a 4500</leader>
   <datafield ind2=" " ind1=" " tag="042">
      <subfield code="a">dc</subfield>
   </datafield>
   <datafield ind2=" " ind1=" " tag="720">
      <subfield code="a">Crespillo Marí, Leticia</subfield>
      <subfield code="e">author</subfield>
   </datafield>
   <datafield ind2=" " ind1=" " tag="720">
      <subfield code="a">Farré Torras, Begoña</subfield>
      <subfield code="e">author</subfield>
   </datafield>
   <datafield ind2=" " ind1=" " tag="720">
      <subfield code="a">Soares, Marta</subfield>
      <subfield code="e">author</subfield>
   </datafield>
   <datafield ind2=" " ind1=" " tag="260">
      <subfield code="c">2024-07-16</subfield>
   </datafield>
   <datafield ind2=" " ind1=" " tag="520">
      <subfield code="a">This paper critically considers digital curatorial practices, increasingly used both in commercial and museum settings, involving the animated mapped projection of digitised works of art. It draws attention to the problematic and common misuse of the term ‘immersive’ to designate such practices and examines their effectiveness for art historical knowledge sharing and meaning making. Through first-hand observation of a number of such exhibits, the paper considers the lessons that can be learned from them and how they would specifically apply to a corpus of twentieth-century frescoes that make up the study object of a research project on art historical digital curatorship.</subfield>
   </datafield>
   <datafield ind1="8" ind2=" " tag="024">
      <subfield code="a">Farré Torras, B.; Crespillo Mari, L.; Soares, M. (2024). “Post Wow, is Less More? A Critical Approach to Animated Mapped Projection for Art Historical Knowledge Sharing. The Twentieth-Century Mural as a Case Study”. magazén, 5(1), [1-24] 149-172.</subfield>
   </datafield>
   <datafield ind1="8" ind2=" " tag="024">
      <subfield code="a">https://hdl.handle.net/10630/39690</subfield>
   </datafield>
   <datafield ind1="8" ind2=" " tag="024">
      <subfield code="a">10.30687/mag/2724-3923/2024/01/006</subfield>
   </datafield>
   <datafield tag="653" ind2=" " ind1=" ">
      <subfield code="a">Arte digital</subfield>
   </datafield>
   <datafield ind2="0" ind1="0" tag="245">
      <subfield code="a">Post Wow, is Less More? A Critical Approach to Animated Mapped Projection for Art Historical Knowledge Sharing. The Twentieth-Century Mural as a Case Study.</subfield>
   </datafield>
</record>
</metadata></record></GetRecord></OAI-PMH>